| 000 | 00353nam a2200121Ia 4500 | ||
|---|---|---|---|
| 008 | 221221s9999 xx 000 0 und d | ||
| 040 | _cChuka University Library | ||
| 050 |
_aHF 5415 _bF88 2006 |
||
| 100 |
_aFutrell, C. M. _92575 |
||
| 245 | 0 | _aFundamentals of Selling:CUSTOMER FOR LIFE THROUGH SERVICE | |
| 260 |
_aMcGraw-Hill _bBoston _c2006 |
||
| 942 | _cBK | ||
| 999 |
_c3462 _d3462 |
||